000 00264nam a2200109Ia 4500
008 240625s9999 xx 000 0 und d
041 _aeng
082 _a658.8 WIN
100 _aWINSTON WAYNE L
245 _aMARKETING ANALYTICS DATA DRIVEN TECHNIQU
260 _c2014
999 _c40324
_d40324